| 000 | 01138nam a22002297a 4500 | ||
|---|---|---|---|
| 005 | 20210325191529.0 | ||
| 008 | s2540 th tha d | ||
| 041 | _atha | ||
| 090 | _aว LB2862 ณ211ก 2540 | ||
| 100 | 0 | _aณรงค์ กาญจนานนท์ | |
| 245 | 1 | 0 | _aการกระจายอำนาจทางการบริหารการศึกษาของกรมสามัญศึกษา |
| 260 | 3 |
_aกรุงเทพฯ : _bสถาบันพระปกเกล้า, _c2540 |
|
| 300 |
_a67 หน้า : _b ตาราง ; _c 28 ซม. |
||
| 650 | 0 | 4 | _aการบริหารการศึกษา -- วิจัย |
| 650 | 0 | 4 | _aโรงเรียนมัธยมศึกษา -- การบริหารการศึกษา |
| 650 | 0 | 4 | _aการกระจายอำนาจทางการศึกษา -- วิจัย |
| 650 | 0 | 4 | _aการศึกษา -- การบริหาร -- วิจัย |
| 850 | _aNALT | ||
| 942 | _cRSH | ||
| 997 |
_c000000000028741 _kVC |
||
| 998 | _aARUNTHIP | ||
| 999 |
_c28741 _d28741 |
||